Harmonizácia nepriamych daní v Európskej únii bakalárska práca

Salvato in:
Dettagli Bibliografici
Autore principale: Pavlovičová, Beata
Ente Autore: Fakulta podnikového manažmentu EU. Katedra podnikových financií
Altri autori: Ďurinová, Ivona, 1964-
Natura: Libro
Lingua:slovacco
Pubblicazione: Bratislava 2012
Tags: Aggiungi Tag
Nessun Tag, puoi essere il primo ad aggiungerne!!

MARC

LEADER 00000nbm a2200000 4500
001 0165851
005 20160517103302.9
041 0 |a slo 
044 |a SK 
245 1 0 |a Harmonizácia nepriamych daní v Európskej únii  |b bakalárska práca  |c Beata Pavlovičová ; školiteľ: Ivona Ďurinová 
264 1 |a Bratislava  |c 2012 
300 |a 49 s. 
100 1 |a Pavlovičová, Beata 
700 1 |a Ďurinová, Ivona, 1964- 
710 2 |a Fakulta podnikového manažmentu EU. Katedra podnikových financií